01468nam a2200373 a 4500001001100000003000800011006001900019007001500038008004100053010001700094015001500111016001900126020001500145020001900160040002100179035002000200050002600220082002400246100003400270245011000304260003700414300001600451490004300467504005100510533015200561650005300713651005100766651004700817655002900864710001700893830004400910856012500954999001501079ebr5001702CaPaEBRm u cr cn|||||||||000410s1999 enk sb 001 0 eng  z 99012704  aGBA0-226237 a03337341572Uk z0333734157 z0312220960(US) aCaPaEBRcCaPaEBR a(OCoLC)7074516614aHQ1765.5b.G55 1999eb04a330.900820951952211 aGills, Dong-Sook Shin,d1955-10aRural women and triple exploitation in Korean developmenth[electronic resource] /cDong-Sook Shin Gills. aBasingstoke :bMacmillan,c1999. axvi, 239 p.1 aInternational political economy series aIncludes bibliographical references and index. aElectronic reproduction.bPalo Alto, Calif. :cebrary,d2013.nAvailable via World Wide Web.nAccess may be limited to ebrary affiliated libraries. 0aRural womenzKorea (South)xEconomic conditions. 0aKorea (South)xEconomic conditionsy1960-1988. 0aKorea (South)xEconomic policyy1960-1988. 7aElectronic books.2local2 aebrary, Inc. 0aInternational political economy series.40uhttp://site.ebrary.com/lib/rucke/Doc?id=5001702zAn electronic book accessible through the World Wide Web; click to view c1307d1307